Hamilton Quiz - Statistics

General Stats
  • This quiz has been taken 71 times
  • The average score is 9 of 11
Answer Stats
Hint Answer % Correct
Who is "American's Favorite Fighting Frenchman? Lafayette
97%
Which Schuyler sister wears a yellow dress? Peggy Schuyler
97%
How old is Philip in "Blow Us All Away"? nineteen
93%
Who wrote all of the music for "Hamilton"? Lin-Manuel Miranda
90%
How old was Alexander when his town was destroyed? seventeen
90%
Who's daughter dies in 1813 after the musical ends? Aaron Burr
87%
What year does Hamilton dies? 1804
78%
Who says, "Time to pay the piper for the pants you unbuckled"? James Reynolds
70%
What is the 5th song on the official album? The Schuyler Sisters
67%
Which member of the OG cast dies twice? Anthony Ramos
55%
Who is crying in "The Election of 1800"? James Madison
50%
No matching quizzes found
Score Distribution
Percent of People with Each Score
Percentile by Number Answered
Your Score History
You have not taken this quiz